• 首页
  • 本馆介绍
  • 公告通知
  • 最新文献
  • 馆藏检索
  • 电子资源
  • 读者导购
  • 参考咨询
  • 我的图书馆
  • 登录
  • 详细信息显示
  • 放入我的书架
  • 预约/预借图书
  • 作者相关作品
  • 分类相关作品
  • 丛书相关作品
  • 出版社相关作品

书目信息

  • 表格格式
  • 工作单格式
  • 卡片格式
题名:
高效应试
    
 
作者: 周明星 著
分册:  
出版信息: 北京   中国社会出版社  2000
页数: 232页
开本: 20cm
丛书名: 知识经济时代高效学习丛书
单 册:
中图分类: G424.7
科图分类:
主题词: 考试方法
电子资源:
ISBN: 7-80146-352-8
000 00790oam2 2200253 450
001 1549009254
005 20150205133705.85
010    @a7-80146-352-8@dCNY13.00
100    @a20001123d2000 em y0chiy0110 ea
101 0  @achi
102    @aCN@b110000
105    @ay z 000yy
200 1  @a高效应试@9gao xiao ying shi@f周明星著
210    @a北京@c中国社会出版社@d2000
215    @a232页@d20cm
225 2  @a知识经济时代高效学习丛书
330    @a本书讲述了什么是考试及作用、弊端,以及面对考试如何复习,如何保持最佳状态,如何策略,如何巧妙答题等内容。
461  0 @12001 @a知识经济时代高效学习丛书
510 1  @aEfficient Test-Taking@zeng
606 0  @a考试方法
690    @aG424.7@v5
701  0 @a周明星@9zhou ming xing@4著
801  0 @aCN@bTSSF@c20150205
905    @aZUCC@dG424.7@eJY2
    
    高效应试/周明星著.-北京:中国社会出版社,2000
    232页;20cm.-(知识经济时代高效学习丛书)
    
    
    ISBN 7-80146-352-8:CNY13.00
    本书讲述了什么是考试及作用、弊端,以及面对考试如何复习,如何保持最佳状态,如何策略,如何巧妙答题等内容。
●
相关链接 在E读中查询图书 在五车中查询图书 在当当中查询图书 在豆瓣中查询图书


正题名:高效应试     索取号:G424.7/JY2         预约/预借

序号 登录号 条形码 馆藏地/架位号 状态 备注
1 7865848   278658481   学院路分馆/ [索取号:G424.7/JY2] 在馆    
唐山师范学院图书馆 欢迎您!
大连网信软件有限公司© 版权所有